| 000 | 00521nam a2200169 a 4500 | ||
|---|---|---|---|
| 001 | 000046177 | ||
| 005 | 20201002052704.0 | ||
| 008 | 150702s2001 ve a 000 0 spa d | ||
| 020 | _a9800779205 | ||
| 040 |
_aDO-SdBNP _bspa _cBNPHU |
||
| 082 |
_axxxx _bxxxx |
||
| 100 | 1 |
_aPortillo, Julio, _d1944- _916192 |
|
| 245 | 1 | 0 |
_aBalcones de la ciudad primada / _cJulio Portillo ; presentación César Sánchez. |
| 260 |
_aSanto Domingo : _bArte, _c2001. |
||
| 300 |
_a75 p. : _bil., ; _c32 cm. |
||
| 504 | _aBibliografía : p. 73-74 | ||
| 999 |
_c45666 _d45666 |
||